| 000 | 00523nam a22001937a 4500 | ||
|---|---|---|---|
| 005 | 20240828105856.0 | ||
| 008 | 240828b |||||||| |||| 00| 0 eng d | ||
| 020 | _a81-7758-830-3 | ||
| 082 |
_a337 _bKRU-I |
||
| 100 | _aKrugman, Paul.R | ||
| 245 |
_aInternational Economics; _bTheory and Pol;icy/ _cPaul R. Krugman |
||
| 250 | _a6th ed. | ||
| 260 |
_aIndia; _bPearson Education; _c2003 |
||
| 300 |
_a786 p.; _c24 cm. |
||
| 500 | _aIncludes index. | ||
| 650 | _aEconomics | ||
| 700 | _aMaurice Obstfelf | ||
| 999 |
_c36487 _d36487 |
||